000 00844nam a22002177a 4500
005 20120411115531.0
008 120411t xxu||||| |||| 00| 0 eng d
010 _aENG-105339
020 _a9788187326748
_c150.00
035 _aEN-88872
037 _bDBAD/PUB
040 _aDPL
_bEng
082 _a181.499
100 _944715
_aKrishnamurti, J.
245 _aThe whole movement of life is learning :
_cby J.Krishnamurti
_bJ.Krishnamurti's letters to his schools /
260 _aChennai
_bKrishnamurti Foundation India
_c2011
270 _aVasanta Vihar,124Greenway Road,
_bChennai
_e600028
300 _a260p.
_c22cm (pbk)
942 _2ddc
_cEN
_mKRI
_h181.499
999 _c66978
_d66978